| Tag |
First Indicator |
Second Indicator |
Subfields |
| LEADER |
00000uam a2200000 a 4500 |
| 001 |
in00004259019 |
| 005 |
20260128183458.1 |
| 006 |
m o d |
| 007 |
cr cn |
| 008 |
070513s2010 xx o eng |
| 020 |
|
|
|z 9781849510301
|
| 020 |
|
|
|z 9781849510318
|
| 035 |
|
|
|a (CaSebORM)9781849510301
|
| 040 |
|
|
|d UtOrBLW
|
| 041 |
0 |
|
|a eng
|
| 100 |
1 |
|
|a Smith, Gregory,
|e author.
|0 http://id.loc.gov/authorities/names/n87138397
|
| 245 |
1 |
0 |
|a PostgreSQL 9.0 High Performance /
|c Smith, Gregory.
|
| 250 |
|
|
|a 1st edition.
|
| 264 |
|
1 |
|b Packt Publishing,
|c 2010.
|
| 300 |
|
|
|a 1 online resource (468 pages)
|
| 336 |
|
|
|a text
|b txt
|2 rdacontent
|
| 337 |
|
|
|a computer
|b c
|2 rdamedia
|
| 338 |
|
|
|a online resource
|b cr
|2 rdacarrier
|
| 347 |
|
|
|a text file
|
| 520 |
|
|
|a If you're an intermediate to advanced database administrator, this book is the shortcut to optimizing and troubleshooting your PostgreSQL database. With a balanced mix of theory and practice, it will quickly hone your expertise. Learn the right techniques to obtain optimal PostgreSQL database performance, from initial design to routine maintenance Discover the techniques used to scale successful database installations Avoid the common pitfalls that can slow your system down Filled with advice about what you should be doing; how to build experimental databases to explore performance topics, and then move what you've learned into a production database environment Covers versions 8.1 through 9.0 In Detail PostgreSQL database servers have a common set of problems they encounter as their usage gets heavier and requirements more demanding. You could spend years discovering solutions to them all, step by step as you encounter them. Or you can just look in here. All successful database applications are destined to eventually run into issues scaling up their performance. Peek into the future of your PostgreSQL database's problems today. Know the warning signs to look for, and how to avoid the most common issues before they even happen. Surprisingly, most PostgreSQL database applications evolve in the same way: Choose the right hardware. Tune the operating system and server memory use. Optimize queries against the database, with the right indexes. Monitor every layer, from hardware to queries, using some tools that are inside PostgreSQL and others that are external. Using monitoring insight, continuously rework the design and configuration. On reaching the limits of a single server, break things up; connection pooling, caching, partitioning, and replication can all help handle increasing database workloads. The path to a high performance database system isn't always easy. But it doesn't have to be mysterious with the right guide. A clear, step-by-step guide to optimizing and scaling up PostgreSQL database servers
|
| 533 |
|
|
|a Electronic reproduction.
|b Boston, MA :
|c Safari,
|n Available via World Wide Web.
|
| 538 |
|
|
|a Mode of access: World Wide Web.
|
| 542 |
|
|
|f Copyright © 2010 Packt Publishing
|
| 588 |
|
|
|a Online resource; Title from title page (viewed October 20, 2010)
|
| 500 |
|
|
|a Electronic resource.
|
| 655 |
|
7 |
|a Electronic books.
|2 local
|
| 710 |
2 |
|
|a Safari, an O'Reilly Media Company.
|
| 856 |
4 |
0 |
|u https://proxy.library.tamu.edu/login?url=https://go.oreilly.com/TAMU/library/view/-/9781849510301/?ar
|z Connect to this electronic resource
|t 0
|
| 999 |
f |
f |
|s 86150f25-e52d-3449-987a-5e74c7bc5341
|i a8d079a0-58e5-3483-bd5c-86f5d256f77c
|t 0
|
| 952 |
f |
f |
|a Texas A&M University
|b College Station
|c Electronic Resources
|s www_evans
|d Available Online
|t 0
|h No information provided
|
| 998 |
f |
f |
|t 0
|l Available Online
|